Tính toán mối nối hàn có xét đến sự tập trung ứng suất

Khái quát về phương pháp tính toán, đặc trưng độ bền của mối hàn, những số liệu thực nghiệm về sự phân bố ứng suất ở mối nối hàn. Cơ sở lí thuyết tính toán ứng suất cục bộ; các phương pháp tính toán ứng suất và biến dạng cu...

全面介紹

Đã lưu trong:
書目詳細資料
主要作者: Phạm, Huy Chính
格式: 圖書
語言:Undetermined
出版: H. Xây dựng 2015
主題:
在線閱讀:http://lrc.tdmu.edu.vn/opac/search/detail.asp?aID=2&ID=25491
標簽: 添加標簽
沒有標簽, 成為第一個標記此記錄!
Thư viện lưu trữ: Trung tâm Học liệu Trường Đại học Thủ Dầu Một
LEADER 01107nam a2200205Ia 4500
001 TDMU_25491
008 210410s9999 xx 000 0 und d
082 |a 671.52042 
090 |b PH104 
100 |a Phạm, Huy Chính 
245 0 |a Tính toán mối nối hàn có xét đến sự tập trung ứng suất 
245 0 |c Phạm Huy Chính 
260 |a H. 
260 |b Xây dựng 
260 |c 2015 
300 |a 184tr. 
520 |a Khái quát về phương pháp tính toán, đặc trưng độ bền của mối hàn, những số liệu thực nghiệm về sự phân bố ứng suất ở mối nối hàn. Cơ sở lí thuyết tính toán ứng suất cục bộ; các phương pháp tính toán ứng suất và biến dạng cục bộ ở mối hàn 
650 |a Mối hàn  |x Phương pháp tính  |x Ứng suất tập trung 
856 |u http://lrc.tdmu.edu.vn/opac/search/detail.asp?aID=2&ID=25491 
980 |a Trung tâm Học liệu Trường Đại học Thủ Dầu Một